[Event "U20 Polish Youth Championship"]
[Site "Ustron"]
[Date "2019.11.23"]
[Round "1"]
[White "Leskiewicz, Ignacy"]
[Black "Janik, Igor"]
[Result "0-1"]
[Board "1"]
[WhiteElo "2138"]
[WhiteCountry "POL"]
[WhiteFideId "1185870"]
[WhiteEloChange "-3"]
[BlackElo "2466"]
[BlackTitle "IM"]
[BlackCountry "POL"]
[BlackFideId "1159259"]
[BlackEloChange "1"]

1. e4 {[%clk 1:30:58]} c6 {[%clk 1:30:44]} 2. d4 {[%clk 1:31:21]} d5 {[%clk
1:31:06]} 3. exd5 {[%clk 1:31:44]} cxd5 {[%clk 1:31:33]} 4. c4 {[%clk 1:32:07]}
Nf6 {[%clk 1:31:53]} 5. Nc3 {[%clk 1:32:32]} e6 {[%clk 1:32:05]} 6. c5 {[%clk
1:31:58]} Be7 {[%clk 1:32:04]} 7. Nf3 {[%clk 1:29:33]} O-O {[%clk 1:32:12]} 8.
Qc2 {[%clk 1:19:20]} b6 {[%clk 1:32:31]} 9. b4 {[%clk 1:16:51]} a5 {[%clk
1:14:53]} 10. Na4 {[%clk 1:16:47]} Nbd7 {[%clk 1:14:44]} 11. Bd3 {[%clk 0:47:30]}
Ne4 {[%clk 1:06:31]} 12. a3 {[%clk 0:46:18]} axb4 {[%clk 1:05:42]} 13. axb4
{[%clk 0:46:22]} bxc5 {[%clk 1:03:19]} 14. dxc5 {[%clk 0:43:23]} Bf6 {[%clk
0:54:46]} 15. Ra3 {[%clk 0:41:10]} Ba6 {[%clk 0:42:21]} 16. O-O {[%clk 0:33:35]}
Bxd3 {[%clk 0:39:22]} 17. Qxd3 {[%clk 0:23:15]} Qb8 {[%clk 0:39:13]} 18. Qb3
{[%clk 0:19:03]} Qb5 {[%clk 0:30:43]} 19. Bb2 {[%clk 0:17:18]} Rxa4 {[%clk
0:27:40]} 20. Qxa4 {[%clk 0:15:26]} Qxa4 {[%clk 0:28:00]} 21. Rxa4 {[%clk
0:15:51]} Bxb2 {[%clk 0:28:24]} 22. c6 {[%clk 0:16:06]} Nb6 {[%clk 0:28:23]} 23.
Ra6 {[%clk 0:16:00]} Nc4 {[%clk 0:28:10]} 24. b5 {[%clk 0:14:37]} Nc5 {[%clk
0:26:53]} 25. Ra2 {[%clk 0:13:37]} Bf6 {[%clk 0:24:05]} 26. Rb1 {[%clk 0:12:48]}
Nb6 {[%clk 0:24:07]} 27. Ra7 {[%clk 0:10:01]} Rc8 {[%clk 0:23:11]} 28. g4 {[%clk
0:08:03]} h6 {[%clk 0:19:46]} 29. h4 {[%clk 0:08:27]} g5 {[%clk 0:20:08]} 30.
hxg5 {[%clk 0:08:39]} hxg5 {[%clk 0:20:37]} 31. Rc1 {[%clk 0:07:23]} Nca4 {[%clk
0:18:35]} 32. Rb7 {[%clk 0:06:06]} e5 {[%clk 0:16:26]} 33. Nd2 {[%clk 0:04:41]}
e4 {[%clk 0:15:11]} 34. Kf1 {[%clk 0:02:11]} Be5 {[%clk 0:14:25]} 35. Ke2 {[%clk
0:02:17]} Bf4 {[%clk 0:12:21]} 36. c7 {[%clk 0:00:54]} Kf8 {[%clk 0:09:01]} 37.
Rc6 {[%clk 0:01:08]} Ke7 {[%clk 0:09:22]} 38. Nb3 {[%clk 0:00:57]} Nc4 {[%clk
0:04:29]} 39. Nd4 {[%clk 0:00:44]} Be5 {[%clk 0:04:23]} 40. Nf5+ {[%clk 0:30:34]}
Kd7 {[%clk 0:34:37]} 41. Ne3 {[%clk 0:15:19]} Nc3+ {[%clk 0:33:32]} 42. Kf1
{[%clk 0:12:03]} Nxe3+ {[%clk 0:33:50]} 43. fxe3 {[%clk 0:12:29]} Nxb5 {[%clk
0:34:07]} 44. Rc5 {[%clk 0:12:15]} Nxc7 {[%clk 0:34:30]} 45. Rxd5+ {[%clk
0:12:10]} Kc6 {[%clk 0:34:46]} 46. Rxe5 {[%clk 0:12:07]} Kxb7 {[%clk 0:35:11]}
47. Rxg5 {[%clk 0:12:22]} Re8 {[%clk 0:35:37]} 48. Kf2 {[%clk 0:12:23]} Kc6
{[%clk 0:36:01]} 49. Rf5 {[%clk 0:12:28]} Re7 {[%clk 0:36:24]} 50. g5 {[%clk
0:12:35]} Nd5 {[%clk 0:36:46]} 51. Kg3 {[%clk 0:11:57]} Nxe3 {[%clk 0:37:02]} 52.
Rf6+ {[%clk 0:12:24]} Kc5 {[%clk 0:37:19]} 53. g6 {[%clk 0:12:33]} fxg6 {[%clk
0:37:43]} 54. Rxg6 {[%clk 0:13:01]} Nd5 {[%clk 0:38:00]} 0-1

[Event "U20 Polish Youth Championship"]
[Site "Ustron"]
[Date "2019.11.23"]
[Round "1"]
[White "Tomczak, Mikolaj"]
[Black "Jankowiak, Tomasz"]
[Result "1-0"]
[Board "2"]
[WhiteElo "2437"]
[WhiteTitle "FM"]
[WhiteCountry "POL"]
[WhiteFideId "1175114"]
[WhiteEloChange "1"]
[BlackElo "2111"]
[BlackCountry "POL"]
[BlackFideId "1185357"]
[BlackEloChange "-3"]

1. e4 {[%clk 1:30:58]} c5 {[%clk 1:30:54]} 2. Ne2 {[%clk 1:31:25]} Nf6 {[%clk
1:28:56]} 3. Nbc3 {[%clk 1:31:27]} e6 {[%clk 1:16:43]} 4. g3 {[%clk 1:30:10]} d5
{[%clk 1:16:46]} 5. exd5 {[%clk 1:30:33]} exd5 {[%clk 1:14:16]} 6. d4 {[%clk
1:30:55]} Nc6 {[%clk 1:06:35]} 7. Bg2 {[%clk 1:30:09]} Bg4 {[%clk 0:56:19]} 8. h3
{[%clk 1:25:50]} cxd4 {[%clk 0:50:16]} 9. Nxd5 {[%clk 1:21:27]} Be6 {[%clk
0:47:01]} 10. Ndf4 {[%clk 1:17:16]} Bf5 {[%clk 0:41:10]} 11. Bxc6+ {[%clk
1:12:23]} bxc6 {[%clk 0:41:32]} 12. Nxd4 {[%clk 1:12:39]} Be4 {[%clk 0:39:47]}
13. f3 {[%clk 1:11:12]} c5 {[%clk 0:34:09]} 14. fxe4 {[%clk 1:10:11]} cxd4 {[%clk
0:34:13]} 15. O-O {[%clk 1:07:26]} Bc5 {[%clk 0:31:16]} 16. e5 {[%clk 1:04:35]}
Nd5 {[%clk 0:28:31]} 17. Qf3 {[%clk 1:03:07]} d3+ {[%clk 0:20:20]} 18. Kh2 {[%clk
1:02:38]} Nxf4 {[%clk 0:20:33]} 19. Qc6+ {[%clk 0:59:09]} Qd7 {[%clk 0:20:45]}
20. Qxa8+ {[%clk 0:58:49]} Ke7 {[%clk 0:21:08]} 21. e6 {[%clk 0:59:16]} Nxe6
{[%clk 0:11:09]} 22. Qxh8 {[%clk 0:54:48]} d2 {[%clk 0:11:21]} 23. Qa8 {[%clk
0:54:52]} Ng5 {[%clk 0:08:44]} 24. Qg2 {[%clk 0:54:55]} 1-0

[Event "U20 Polish Youth Championship"]
[Site "Ustron"]
[Date "2019.11.23"]
[Round "1"]
[White "Czernek, Tymon"]
[Black "Teclaf, Pawel"]
[Result "0-1"]
[Board "3"]
[WhiteElo "2097"]
[WhiteCountry "POL"]
[WhiteFideId "1199510"]
[WhiteEloChange "-3"]
[BlackElo "2427"]
[BlackTitle "IM"]
[BlackCountry "POL"]
[BlackFideId "1185934"]
[BlackEloChange "1"]

1. e4 {[%clk 1:30:58]} c5 {[%clk 1:30:47]} 2. Nf3 {[%clk 1:31:24]} e6 {[%clk
1:31:13]} 3. d4 {[%clk 1:31:51]} cxd4 {[%clk 1:31:39]} 4. Nxd4 {[%clk 1:32:17]}
a6 {[%clk 1:32:05]} 5. Bd3 {[%clk 1:32:44]} Ne7 {[%clk 1:31:37]} 6. O-O {[%clk
1:31:22]} Nbc6 {[%clk 1:32:03]} 7. Nb3 {[%clk 1:29:55]} g6 {[%clk 1:31:28]} 8. c4
{[%clk 1:29:17]} Bg7 {[%clk 1:30:54]} 9. Nc3 {[%clk 1:29:34]} O-O {[%clk
1:30:02]} 10. f4 {[%clk 1:28:41]} d5 {[%clk 1:12:42]} 11. e5 {[%clk 1:23:27]} f6
{[%clk 0:59:30]} 12. cxd5 {[%clk 1:18:39]} exd5 {[%clk 0:58:42]} 13. exf6 {[%clk
1:18:42]} Bxf6 {[%clk 0:57:43]} 14. Kh1 {[%clk 1:18:38]} Bg7 {[%clk 0:52:25]} 15.
Be2 {[%clk 1:15:39]} Kh8 {[%clk 0:47:15]} 16. Bf3 {[%clk 1:14:40]} Be6 {[%clk
0:45:46]} 17. Re1 {[%clk 1:11:17]} Bg8 {[%clk 0:44:09]} 18. Nc5 {[%clk 1:10:15]}
Nd4 {[%clk 0:42:17]} 19. Bg4 {[%clk 1:06:39]} Nef5 {[%clk 0:40:55]} 20. Nd3
{[%clk 1:05:01]} Qh4 {[%clk 0:39:56]} 21. Be3 {[%clk 1:00:00]} Nxe3 {[%clk
0:36:46]} 22. Rxe3 {[%clk 1:00:22]} Nc6 {[%clk 0:34:50]} 23. Ne5 {[%clk 0:57:51]}
Nxe5 {[%clk 0:33:26]} 24. fxe5 {[%clk 0:58:05]} Qg5 {[%clk 0:32:22]} 25. Rd3
{[%clk 0:45:37]} Bxe5 {[%clk 0:27:04]} 26. Bf3 {[%clk 0:45:05]} Rad8 {[%clk
0:26:07]} 27. g3 {[%clk 0:41:10]} Bg7 {[%clk 0:23:09]} 28. Rb1 {[%clk 0:39:36]}
d4 {[%clk 0:22:20]} 29. Ne4 {[%clk 0:39:44]} Qe7 {[%clk 0:22:05]} 30. Nd2 {[%clk
0:36:53]} Bxa2 {[%clk 0:21:34]} 31. Rc1 {[%clk 0:37:11]} Bg8 {[%clk 0:21:08]} 32.
Qg1 {[%clk 0:36:22]} Bh6 {[%clk 0:18:51]} 33. Re1 {[%clk 0:36:10]} Qb4 {[%clk
0:19:09]} 34. Qg2 {[%clk 0:35:18]} Bc4 {[%clk 0:18:57]} 0-1

[Event "U20 Polish Youth Championship"]
[Site "Ustron"]
[Date "2019.11.23"]
[Round "1"]
[White "Fus, Jakub"]
[Black "Adamczewski, Maciej"]
[Result "1-0"]
[Board "4"]
[WhiteElo "2363"]
[WhiteTitle "FM"]
[WhiteCountry "POL"]
[WhiteFideId "1193023"]
[WhiteEloChange "4"]
[BlackElo "2095"]
[BlackCountry "POL"]
[BlackFideId "1148702"]
[BlackEloChange "-4"]

1. d4 {[%clk 1:30:50]} Nf6 {[%clk 1:30:33]} 2. c4 {[%clk 1:31:03]} g6 {[%clk
1:30:08]} 3. Nc3 {[%clk 1:31:08]} Bg7 {[%clk 1:30:30]} 4. e4 {[%clk 1:31:16]} d6
{[%clk 1:30:43]} 5. Nf3 {[%clk 1:31:18]} O-O {[%clk 1:30:09]} 6. Be2 {[%clk
1:31:29]} e5 {[%clk 1:30:10]} 7. O-O {[%clk 1:31:25]} Nc6 {[%clk 1:30:22]} 8. d5
{[%clk 1:31:24]} Ne7 {[%clk 1:30:32]} 9. Nd2 {[%clk 1:31:35]} Nd7 {[%clk
1:27:56]} 10. b4 {[%clk 1:30:24]} f5 {[%clk 1:21:51]} 11. a4 {[%clk 1:28:07]} Rf7
{[%clk 1:07:48]} 12. a5 {[%clk 1:26:24]} c5 {[%clk 1:05:37]} 13. Ba3 {[%clk
1:05:00]} b6 {[%clk 1:01:18]} 14. Qa4 {[%clk 1:00:06]} Bh6 {[%clk 0:40:17]} 15.
Ra2 {[%clk 0:52:35]} Ba6 {[%clk 0:33:34]} 16. Rfa1 {[%clk 0:43:55]} Nf6 {[%clk
0:24:15]} 17. Bc1 {[%clk 0:42:02]} Bb7 {[%clk 0:19:03]} 18. Qb3 {[%clk 0:37:53]}
Rb8 {[%clk 0:18:33]} 19. Rb1 {[%clk 0:33:39]} Nd7 {[%clk 0:16:07]} 20. Nb5 {[%clk
0:26:13]} Nc8 {[%clk 0:16:25]} 21. a6 {[%clk 0:26:14]} Ba8 {[%clk 0:16:26]} 22.
Qh3 {[%clk 0:25:13]} Bxd2 {[%clk 0:12:44]} 23. Bxd2 {[%clk 0:25:32]} cxb4 {[%clk
0:12:39]} 24. exf5 {[%clk 0:22:55]} Qf6 {[%clk 0:11:49]} 25. Bxb4 {[%clk
0:11:23]} Nc5 {[%clk 0:11:44]} 26. Rf1 {[%clk 0:08:00]} Ne7 {[%clk 0:10:15]} 27.
f4 {[%clk 0:05:37]} Nxf5 {[%clk 0:08:18]} 28. fxe5 {[%clk 0:05:06]} Qxe5 {[%clk
0:08:40]} 29. g4 {[%clk 0:03:56]} Rbf8 {[%clk 0:03:32]} 30. Bxc5 {[%clk 0:02:56]}
bxc5 {[%clk 0:03:23]} 31. gxf5 {[%clk 0:03:22]} Rxf5 {[%clk 0:03:44]} 32. Rxf5
{[%clk 0:03:50]} Rxf5 {[%clk 0:04:00]} 33. Bf1 {[%clk 0:03:33]} h5 {[%clk
0:03:01]} 34. Rf2 {[%clk 0:03:26]} Rg5+ {[%clk 0:02:42]} 35. Kh1 {[%clk 0:03:47]}
Rg4 {[%clk 0:02:00]} 36. Qf3 {[%clk 0:03:48]} Qe7 {[%clk 0:02:13]} 37. Nc7 {[%clk
0:03:06]} Rg5 {[%clk 0:01:39]} 38. Bh3 {[%clk 0:02:42]} Re5 {[%clk 0:00:51]} 39.
Be6+ {[%clk 0:02:55]} Rxe6 {[%clk 0:00:43]} 40. Nxe6 {[%clk 0:33:22]} Qxe6 {[%clk
0:31:09]} 41. Qf8+ {[%clk 0:33:39]} Kh7 {[%clk 0:31:31]} 42. Rf7+ {[%clk
0:34:06]} 1-0

[Event "U20 Polish Youth Championship"]
[Site "Ustron"]
[Date "2019.11.23"]
[Round "1"]
[White "Jarzebowski, Kacper"]
[Black "Oglaza, Oskar"]
[Result "1/2-1/2"]
[Board "5"]
[WhiteElo "2079"]
[WhiteCountry "POL"]
[WhiteFideId "1184954"]
[WhiteEloChange "7"]
[BlackElo "2360"]
[BlackTitle "FM"]
[BlackCountry "POL"]
[BlackFideId "1194402"]
[BlackEloChange "-7"]

1. c4 {[%clk 1:30:58]} Nf6 {[%clk 1:30:55]} 2. Nc3 {[%clk 1:31:25]} e5 {[%clk
1:31:22]} 3. Nf3 {[%clk 1:31:28]} Nc6 {[%clk 1:31:48]} 4. g3 {[%clk 1:31:54]} Bc5
{[%clk 1:32:04]} 5. Bg2 {[%clk 1:32:08]} O-O {[%clk 1:32:28]} 6. O-O {[%clk
1:32:12]} d6 {[%clk 1:32:51]} 7. d3 {[%clk 1:30:59]} h6 {[%clk 1:33:02]} 8. Bd2
{[%clk 1:30:58]} a6 {[%clk 1:33:15]} 9. a3 {[%clk 1:31:14]} Re8 {[%clk 1:32:23]}
10. b4 {[%clk 1:31:17]} Bb6 {[%clk 1:31:41]} 11. Nd5 {[%clk 1:18:40]} Nxd5 {[%clk
1:31:34]} 12. cxd5 {[%clk 1:19:08]} Ne7 {[%clk 1:31:59]} 13. Qb3 {[%clk 1:18:43]}
c6 {[%clk 1:31:53]} 14. dxc6 {[%clk 1:15:54]} bxc6 {[%clk 1:32:16]} 15. Rac1
{[%clk 1:15:04]} Be6 {[%clk 1:32:39]} 16. Qb2 {[%clk 1:14:25]} Qd7 {[%clk
1:30:17]} 17. d4 {[%clk 1:08:51]} e4 {[%clk 1:30:08]} 18. Ne1 {[%clk 1:08:58]} f5
{[%clk 1:30:30]} 19. Nc2 {[%clk 1:08:39]} Reb8 {[%clk 1:27:05]} 20. f3 {[%clk
0:53:30]} d5 {[%clk 1:25:47]} 21. Na1 {[%clk 0:53:42]} Nc8 {[%clk 1:24:19]} 22.
Nb3 {[%clk 0:51:23]} Nd6 {[%clk 1:24:15]} 23. Bf4 {[%clk 0:51:31]} Nc4 {[%clk
1:17:48]} 24. Rxc4 {[%clk 0:51:30]} dxc4 {[%clk 1:18:14]} 25. Bxb8 {[%clk
0:51:55]} cxb3 {[%clk 1:18:41]} 26. Be5 {[%clk 0:52:15]} Qd5 {[%clk 1:19:07]} 27.
e3 {[%clk 0:50:39]} exf3 {[%clk 1:15:09]} 28. Bxf3 {[%clk 0:49:58]} Qb5 {[%clk
1:15:32]} 29. Rc1 {[%clk 0:45:48]} Rc8 {[%clk 1:15:25]} 30. Be2 {[%clk 0:43:26]}
Qa4 {[%clk 1:15:20]} 31. Bc4 {[%clk 0:42:20]} Bxc4 {[%clk 1:15:46]} 32. Rxc4
{[%clk 0:42:44]} a5 {[%clk 1:16:13]} 33. Rc3 {[%clk 0:26:03]} axb4 {[%clk
1:16:38]} 34. Qxb3+ {[%clk 0:26:28]} Qxb3 {[%clk 1:17:04]} 35. Rxb3 {[%clk
0:26:49]} c5 {[%clk 1:17:00]} 36. axb4 {[%clk 0:25:09]} c4 {[%clk 1:15:01]} 37.
Rc3 {[%clk 0:24:26]} Kf7 {[%clk 1:15:28]} 38. Kf2 {[%clk 0:22:35]} g6 {[%clk
1:09:41]} 39. e4 {[%clk 0:19:22]} Ke6 {[%clk 1:08:58]} 40. Kf3 {[%clk 0:49:06]}
Bd8 {[%clk 1:37:20]} 41. Bg7 {[%clk 0:47:57]} Bg5 {[%clk 1:37:35]} 42. Rc2 {[%clk
0:46:49]} Rc7 {[%clk 1:32:31]} 43. d5+ {[%clk 0:44:37]} Kd6 {[%clk 1:32:56]} 44.
Bf8+ {[%clk 0:40:54]} Ke5 {[%clk 1:33:21]} 45. exf5 {[%clk 0:40:45]} Rf7 {[%clk
1:33:38]} 46. h4 {[%clk 0:36:29]} Rxf5+ {[%clk 1:34:05]} 47. Ke2 {[%clk 0:35:18]}
Rxf8 {[%clk 1:34:17]} 48. hxg5 {[%clk 0:35:41]} Kxd5 {[%clk 1:34:41]} 49. gxh6
{[%clk 0:35:51]} Rh8 {[%clk 1:35:09]} 50. Ke3 {[%clk 0:35:00]} Rxh6 {[%clk
1:35:34]} 51. Ra2 {[%clk 0:34:28]} Rh3 {[%clk 1:34:10]} 52. Ra5+ {[%clk 0:34:45]}
Ke6 {[%clk 1:34:35]} 53. Kf4 {[%clk 0:31:14]} Rh2 {[%clk 1:34:00]} 54. Rc5 {[%clk
0:30:50]} Rc2 {[%clk 1:31:09]} 55. Kg5 {[%clk 0:24:54]} Kd6 {[%clk 1:30:26]} 56.
g4 {[%clk 0:24:30]} c3 {[%clk 1:30:49]} 57. Kxg6 {[%clk 0:24:13]} Rg2 {[%clk
1:31:15]} 58. g5 {[%clk 0:24:17]} c2 {[%clk 1:31:42]} 59. Kf6 {[%clk 0:24:30]}
Rf2+ {[%clk 1:32:03]} 60. Kg7 {[%clk 0:24:37]} Rf5 {[%clk 1:32:29]} 1/2-1/2

[Event "U20 Polish Youth Championship"]
[Site "Ustron"]
[Date "2019.11.23"]
[Round "1"]
[White "Kozak, Antoni"]
[Black "Dzwierzynski, Bartosz"]
[Result "1-0"]
[Board "6"]
[WhiteElo "2350"]
[WhiteCountry "POL"]
[WhiteFideId "21832030"]
[WhiteEloChange "3"]
[BlackElo "2065"]
[BlackCountry "POL"]
[BlackFideId "21812837"]
[BlackEloChange "-3"]

1. c4 {[%clk 1:30:57]} c5 {[%clk 1:30:43]} 2. Nc3 {[%clk 1:31:21]} Nc6 {[%clk
1:30:47]} 3. Nf3 {[%clk 1:31:46]} g6 {[%clk 1:30:51]} 4. e3 {[%clk 1:32:08]} Nf6
{[%clk 1:30:29]} 5. d4 {[%clk 1:32:10]} cxd4 {[%clk 1:30:47]} 6. exd4 {[%clk
1:32:36]} d5 {[%clk 1:31:00]} 7. cxd5 {[%clk 1:33:02]} Nxd5 {[%clk 1:31:05]} 8.
Qb3 {[%clk 1:33:27]} Nxc3 {[%clk 1:26:05]} 9. Bc4 {[%clk 1:33:52]} Nd5 {[%clk
1:23:03]} 10. Bxd5 {[%clk 1:34:18]} e6 {[%clk 1:23:30]} 11. Bxc6+ {[%clk
1:34:42]} bxc6 {[%clk 1:23:56]} 12. O-O {[%clk 1:35:07]} Bg7 {[%clk 1:21:16]} 13.
Bg5 {[%clk 1:35:32]} Qd6 {[%clk 1:17:06]} 14. Qe3 {[%clk 1:35:12]} O-O {[%clk
1:16:08]} 15. Bh6 {[%clk 1:33:44]} Rd8 {[%clk 1:01:54]} 16. Bxg7 {[%clk 1:34:08]}
Kxg7 {[%clk 1:02:20]} 17. Rac1 {[%clk 1:28:55]} Ba6 {[%clk 0:59:10]} 18. Rfe1
{[%clk 1:29:05]} Rac8 {[%clk 0:57:28]} 19. Rc5 {[%clk 1:28:33]} Qb8 {[%clk
0:40:52]} 20. Qc3 {[%clk 1:24:13]} Rd5 {[%clk 0:41:05]} 21. Rxc6 {[%clk 1:17:53]}
Rxc6 {[%clk 0:40:34]} 22. Qxc6 {[%clk 1:18:18]} Bb7 {[%clk 0:40:00]} 23. Qc3
{[%clk 1:18:42]} Qf4 {[%clk 0:36:13]} 24. Re5 {[%clk 1:13:43]} Rxe5 {[%clk
0:30:27]} 25. Nxe5 {[%clk 1:14:03]} Bd5 {[%clk 0:26:04]} 26. a3 {[%clk 1:12:33]}
h5 {[%clk 0:25:41]} 27. Qe3 {[%clk 1:08:47]} Qf5 {[%clk 0:25:47]} 28. Nd3 {[%clk
1:08:15]} f6 {[%clk 0:21:25]} 29. f3 {[%clk 1:07:13]} g5 {[%clk 0:20:22]} 30. Kf2
{[%clk 1:05:44]} Bc4 {[%clk 0:18:56]} 31. Ne1 {[%clk 1:06:06]} g4 {[%clk
0:12:47]} 32. d5 {[%clk 1:06:25]} Bxd5 {[%clk 0:10:46]} 33. Qxa7+ {[%clk
1:06:52]} Kg6 {[%clk 0:11:10]} 34. Qe3 {[%clk 1:06:38]} h4 {[%clk 0:10:26]} 35.
Qd3 {[%clk 1:06:43]} Kg5 {[%clk 0:07:13]} 36. Qxf5+ {[%clk 1:07:05]} Kxf5 {[%clk
0:07:39]} 37. Nc2 {[%clk 1:07:09]} 1-0

[Event "U20 Polish Youth Championship"]
[Site "Ustron"]
[Date "2019.11.23"]
[Round "1"]
[White "Panek, Bartosz"]
[Black "Chylewski, Patryk"]
[Result "0-1"]
[Board "7"]
[WhiteElo "2029"]
[WhiteCountry "POL"]
[WhiteFideId "1198220"]
[WhiteEloChange "-3"]
[BlackElo "2348"]
[BlackTitle "FM"]
[BlackCountry "POL"]
[BlackFideId "1186191"]
[BlackEloChange "3"]

1. e4 {[%clk 1:30:57]} c5 {[%clk 1:30:55]} 2. Nf3 {[%clk 1:31:17]} e6 {[%clk
1:30:48]} 3. c3 {[%clk 1:31:37]} Nf6 {[%clk 1:31:07]} 4. e5 {[%clk 1:31:22]} Nd5
{[%clk 1:31:32]} 5. d4 {[%clk 1:31:31]} cxd4 {[%clk 1:31:58]} 6. cxd4 {[%clk
1:31:55]} d6 {[%clk 1:32:25]} 7. Be2 {[%clk 1:27:01]} Bd7 {[%clk 1:31:41]} 8. O-O
{[%clk 1:27:04]} Bc6 {[%clk 1:32:03]} 9. Nc3 {[%clk 1:26:56]} Nd7 {[%clk
1:28:33]} 10. Nxd5 {[%clk 1:13:07]} Bxd5 {[%clk 1:28:49]} 11. b3 {[%clk 1:11:56]}
dxe5 {[%clk 1:20:19]} 12. Nxe5 {[%clk 1:09:08]} a6 {[%clk 1:19:52]} 13. Bf3
{[%clk 1:05:56]} Nf6 {[%clk 1:19:07]} 14. Bxd5 {[%clk 1:01:47]} Qxd5 {[%clk
1:18:54]} 15. Bb2 {[%clk 1:01:54]} Bd6 {[%clk 1:16:45]} 16. Nc4 {[%clk 1:00:18]}
O-O {[%clk 1:05:29]} 17. Nxd6 {[%clk 0:53:12]} Qxd6 {[%clk 1:05:53]} 18. Rc1
{[%clk 0:49:48]} Rac8 {[%clk 1:04:39]} 19. Qf3 {[%clk 0:49:04]} Nd5 {[%clk
1:04:49]} 20. Rc4 {[%clk 0:37:39]} b5 {[%clk 1:00:52]} 21. Rc5 {[%clk 0:34:31]}
Rxc5 {[%clk 0:57:30]} 22. dxc5 {[%clk 0:34:54]} Qxc5 {[%clk 0:57:16]} 23. Qg4
{[%clk 0:17:18]} Nc3 {[%clk 0:56:40]} 24. Rc1 {[%clk 0:16:50]} b4 {[%clk
0:56:33]} 25. a3 {[%clk 0:15:14]} Qe5 {[%clk 0:42:47]} 26. Kh1 {[%clk 0:07:01]}
Ne4 {[%clk 0:31:43]} 27. Bxe5 {[%clk 0:07:20]} Nxf2+ {[%clk 0:32:08]} 28. Kg1
{[%clk 0:07:41]} Nxg4 {[%clk 0:32:35]} 29. Bd6 {[%clk 0:08:05]} Rd8 {[%clk
0:32:27]} 30. Bxb4 {[%clk 0:07:56]} h6 {[%clk 0:29:52]} 31. h3 {[%clk 0:05:23]}
Ne5 {[%clk 0:28:50]} 32. Rc7 {[%clk 0:02:34]} Rd1+ {[%clk 0:25:26]} 33. Kh2
{[%clk 0:02:36]} Rb1 {[%clk 0:23:41]} 34. Ra7 {[%clk 0:01:26]} Nd3 {[%clk
0:22:14]} 35. Rxa6 {[%clk 0:01:01]} Nxb4 {[%clk 0:17:39]} 36. axb4 {[%clk
0:01:21]} Rxb3 {[%clk 0:18:05]} 37. Ra8+ {[%clk 0:01:18]} Kh7 {[%clk 0:18:31]}
38. Rb8 {[%clk 0:01:40]} Kg6 {[%clk 0:17:48]} 39. b5 {[%clk 0:01:44]} e5 {[%clk
0:16:20]} 40. b6 {[%clk 0:31:14]} f6 {[%clk 0:43:24]} 41. Kg1 {[%clk 0:27:13]}
Kf5 {[%clk 0:43:18]} 42. Rb7 {[%clk 0:27:05]} g6 {[%clk 0:43:02]} 43. Rb8 {[%clk
0:27:29]} Kf4 {[%clk 0:42:46]} 44. b7 {[%clk 0:27:43]} f5 {[%clk 0:34:10]} 45.
Rg8 {[%clk 0:23:12]} Rxb7 {[%clk 0:33:57]} 46. Rxg6 {[%clk 0:23:36]} Rb1+ {[%clk
0:34:20]} 47. Kf2 {[%clk 0:22:58]} Rb2+ {[%clk 0:34:46]} 48. Kg1 {[%clk 0:16:20]}
h5 {[%clk 0:33:21]} 49. Rh6 {[%clk 0:12:52]} h4 {[%clk 0:18:20]} 50. Rh5 {[%clk
0:08:36]} e4 {[%clk 0:16:56]} 51. Kh2 {[%clk 0:07:52]} Ke5 {[%clk 0:10:49]} 52.
Rxh4 {[%clk 0:07:49]} f4 {[%clk 0:11:15]} 53. Kg1 {[%clk 0:02:32]} Rb1+ {[%clk
0:11:38]} 54. Kf2 {[%clk 0:01:52]} e3+ {[%clk 0:11:54]} 55. Ke2 {[%clk 0:01:09]}
Rg1 {[%clk 0:12:17]} 56. Rh8 {[%clk 0:00:37]} Rxg2+ {[%clk 0:12:43]} 57. Kd3
{[%clk 0:00:49]} Rd2+ {[%clk 0:13:08]} 58. Kc3 {[%clk 0:01:07]} Ke4 {[%clk
0:13:33]} 59. h4 {[%clk 0:01:17]} Rd7 {[%clk 0:13:39]} 0-1

[Event "U20 Polish Youth Championship"]
[Site "Ustron"]
[Date "2019.11.23"]
[Round "1"]
[White "Kowalski, Igor"]
[Black "Hasterok, Mateusz"]
[Result "1/2-1/2"]
[Board "8"]
[WhiteElo "2346"]
[WhiteTitle "FM"]
[WhiteCountry "POL"]
[WhiteFideId "1172468"]
[WhiteEloChange "-7"]
[BlackElo "2018"]
[BlackCountry "POL"]
[BlackFideId "21822352"]
[BlackEloChange "7"]

1. e4 {[%clk 1:30:59]} c5 {[%clk 1:30:50]} 2. Nf3 {[%clk 1:31:25]} Nc6 {[%clk
1:31:15]} 3. Nc3 {[%clk 1:31:42]} e6 {[%clk 1:31:39]} 4. d4 {[%clk 1:31:37]} cxd4
{[%clk 1:32:05]} 5. Nxd4 {[%clk 1:32:03]} a6 {[%clk 1:32:30]} 6. Be2 {[%clk
1:31:18]} Qc7 {[%clk 1:31:51]} 7. O-O {[%clk 1:31:07]} Nf6 {[%clk 1:31:19]} 8. a3
{[%clk 1:26:44]} Be7 {[%clk 1:30:33]} 9. Be3 {[%clk 1:27:09]} O-O {[%clk
1:29:46]} 10. f4 {[%clk 1:27:04]} d6 {[%clk 1:30:11]} 11. Qe1 {[%clk 1:26:48]}
Re8 {[%clk 1:20:33]} 12. Qg3 {[%clk 1:25:19]} Bd7 {[%clk 1:11:41]} 13. Rae1
{[%clk 1:23:12]} Rab8 {[%clk 1:04:29]} 14. e5 {[%clk 1:11:15]} Nd5 {[%clk
1:01:57]} 15. Nf5 {[%clk 1:09:22]} g6 {[%clk 0:51:09]} 16. Nxe7+ {[%clk 1:09:13]}
Ncxe7 {[%clk 0:50:34]} 17. exd6 {[%clk 1:09:06]} Qxd6 {[%clk 0:50:25]} 18. Ne4
{[%clk 1:02:51]} Qc7 {[%clk 0:47:50]} 19. Bd4 {[%clk 1:01:11]} Nf5 {[%clk
0:45:23]} 20. Qf2 {[%clk 1:01:37]} Qxc2 {[%clk 0:41:44]} 21. Nf6+ {[%clk
1:02:00]} Nxf6 {[%clk 0:42:08]} 22. Bxf6 {[%clk 1:02:26]} Rbc8 {[%clk 0:36:56]}
23. Bc3 {[%clk 1:01:18]} Rxc3 {[%clk 0:33:54]} 24. bxc3 {[%clk 1:01:25]} Qxc3
{[%clk 0:34:22]} 25. Rd1 {[%clk 1:01:49]} Bc6 {[%clk 0:32:55]} 26. Rd3 {[%clk
1:02:10]} Qa5 {[%clk 0:32:07]} 27. Rc1 {[%clk 1:01:11]} Bb5 {[%clk 0:29:34]} 28.
Rdc3 {[%clk 1:00:27]} Nd6 {[%clk 0:22:58]} 29. Bf3 {[%clk 0:59:33]} Qa4 {[%clk
0:18:53]} 30. Qc5 {[%clk 0:58:00]} Ne4 {[%clk 0:17:42]} 31. Bxe4 {[%clk 0:57:44]}
Qxe4 {[%clk 0:18:07]} 32. Qe5 {[%clk 0:57:10]} Qxe5 {[%clk 0:15:18]} 33. fxe5
{[%clk 0:57:35]} Bc6 {[%clk 0:15:22]} 34. Rd1 {[%clk 0:58:00]} Kg7 {[%clk
0:12:57]} 35. Rc4 {[%clk 0:55:15]} Re7 {[%clk 0:09:30]} 36. Rd8 {[%clk 0:54:46]}
f6 {[%clk 0:09:05]} 37. exf6+ {[%clk 0:52:47]} Kxf6 {[%clk 0:09:34]} 38. Rf4+
{[%clk 0:53:10]} Kg5 {[%clk 0:08:08]} 39. Rff8 {[%clk 0:48:21]} e5 {[%clk
0:08:08]} 40. Rd3 {[%clk 1:08:24]} 1/2-1/2